Príjmy zo závislej činnosti z pohľadu predmetu dane z príjmov

Charakteristika príjmov zo závislej činnosti podľa zákona o dani z príjmov. Peňažné aj nepeňažné príjmy zo závislej činnosti. Príjmy zo závislej činnosti, ktoré nie sú predmetom dane z príjmov. Preddavok na daň pri nepeňažnom príjme. Zdanenie príjmov vyplatených naraz za viac mesiacov.

Saved in:
Bibliographic Details
Main Author: Piršelová, Dagmar
Format: Book Chapter
Language:Slovak
Subjects:
Tags: Add Tag
No Tags, Be the first to tag this record!

MARC

LEADER 00000naa$a2200000$$$4500
001 0108278
005 20231109100515.9
041 0 |a slo 
044 |a SK 
245 1 0 |a Príjmy zo závislej činnosti z pohľadu predmetu dane z príjmov  |c Dagmar Piršelová 
520 |a Charakteristika príjmov zo závislej činnosti podľa zákona o dani z príjmov. Peňažné aj nepeňažné príjmy zo závislej činnosti. Príjmy zo závislej činnosti, ktoré nie sú predmetom dane z príjmov. Preddavok na daň pri nepeňažnom príjme. Zdanenie príjmov vyplatených naraz za viac mesiacov. 
610 2 0 |a príjmy 
610 2 0 |a zdaňovanie 
610 2 0 |a dane z príjmov 
610 2 0 |a práca 
610 2 0 |a zamestnávatelia 
610 2 0 |a zamestnanci 
610 2 0 |a legislatíva 
100 1 |a Piršelová, Dagmar